|
|
|
|
| LEADER |
01262nam a22003017a 4500 |
| 001 |
27380 |
| 005 |
20150131112137.0 |
| 008 |
130804t20122007nyua 001 0 eng d |
| 010 |
|
|
|a 2007298691
|
| 020 |
|
|
|a 9780521873420
|
| 020 |
|
|
|a 0521873428
|
| 035 |
|
|
|a (OCoLC)ocn148639922
|
| 040 |
|
|
|a BTCTA
|c BTCTA
|d BAKER
|d YDXCP
|d TXA
|d KSU
|d DLC
|d BD-DhAAL
|
| 050 |
0 |
0 |
|a QC174.8
|b .K37 2007
|
| 082 |
0 |
0 |
|a 530.13
|2 22
|
| 999 |
|
|
|c 13807
|d 13807
|
| 999 |
|
|
|c 13807
|
| 100 |
1 |
|
|a Kardar, Mehran.
|9 2514
|
| 245 |
1 |
0 |
|a Statistical physics of particles /
|c Mehran Kardar.
|
| 260 |
|
|
|a Cambridge :
|a New York :
|b Cambridge University Press,
|c 2007.
|
| 300 |
|
|
|a x, 320 p. :
|b ill. ;
|c 26 cm.
|
| 500 |
|
|
|a Includes index.
|
| 541 |
|
|
|e 27380,27381
|
| 650 |
|
0 |
|a Statistical mechanics
|v Textbooks.
|9 2515
|
| 650 |
|
0 |
|a Statistical physics
|v Textbooks.
|9 2516
|
| 942 |
|
|
|2 ddc
|c BK
|
| 952 |
|
|
|0 0
|1 0
|2 ddc
|4 0
|6 530_130000000000000_KAR
|7 0
|9 23097
|a BRACUL
|b BRACUL
|c GEN
|d 2013-08-04
|e Karim International
|g 6100.00
|l 5
|m 32
|o 530.13 KAR
|p 3010027380
|q 2026-07-01
|r 2023-12-10
|s 2023-12-10
|t 1
|w 2013-08-04
|y BK
|
| 952 |
|
|
|0 0
|1 0
|2 ddc
|4 0
|6 530_130000000000000_KAR
|7 0
|9 23098
|a BRACUL
|b BRACUL
|c GEN
|d 2013-08-04
|e Karim International
|g 6100.00
|l 5
|m 61
|o 530.13 KAR
|p 3010027381
|r 2026-01-19
|s 2025-09-23
|t 2
|w 2013-08-04
|y BK
|